Animaux commençant par la lettre C - Statistiques

Statistiques générales
  • Ce quiz a été pris 198 fois
  • Le résultat moyen est 17 sur 47
Statistiques - réponses
Type de quiz Animal % Correct
Mammifère Chat
94%
Mammifère Chien
94%
Mammifère Cheval
68%
Crustacé Crabe
62%
Mammifère Chèvre
60%
Oiseau Canard
57%
Insecte Coccinelle
57%
Insecte Chenille
56%
Crustacé Crevette
56%
Oiseau Colibri
52%
Mammifère Cochon
51%
Mammifère Chameau
47%
Mammifère Cerf
46%
Oiseau Corbeau
46%
Reptile / Amphibien Crapaud
46%
Oiseau Chouette
41%
Oiseau Coq
40%
Insecte Cafard
39%
Insecte Cafard
39%
Reptile / amphibien Caïman
39%
Mammifère Chimpanzé
39%
Mammifère Castor
38%
Mammifère Chevreuil
37%
Poisson Carpe
35%
Reptile / Amphibien Caméléon
34%
Reptile / amphibien Cobra
31%
Insecte Criquet
31%
Mammifère Chauve-souris
30%
Oiseau Coucou
29%
Reptile / Amphibien Couleuvre
28%
Oiseau Cacatoès
27%
Insecte Cigale
25%
Oiseau Cigogne
25%
Oiseau Colombe
24%
Mammifère Cachalot
23%
Mammifère Chinchilla
23%
Mammifère Cochon d'Inde
23%
Oiseau Canari
22%
Mammifère Chacal
22%
Mammifère Chamois
20%
Poisson Colin
18%
Poisson Cabillaud
17%
Oiseau Condor
16%
Mammifère Coyote
16%
Mammifère Capybara
11%
Oiseau Colvert
8%
Mammifère Caracal
7%
Aucun quiz correspondant
Distribution des résultats
% des personnes avec chaque résultat
Percentile par nombre de réponses
Votre historique - résultats
Vous n’avez pas pris ce quiz